[Event "1st Turkish League 2017"]
[Site "Konya"]
[Date "2017.07.22"]
[Round "8"]
[White "Khukhashvili, Sopiko"]
[Black "Dai, Irmak"]
[Result "1-0"]
[WhiteElo "2339"]
[BlackElo "1938"]
[Annotator "NA"]
[PlyCount "45"]
[EventType "team-tourn"]
[EventCountry "TUR"]
[SourceTitle "playchess.com"]
[Source "ChessBase"]
[SourceQuality "1"]
[TimeControl "5400+30"]

1. e4 {[%emt 0:00:00]} c5 {[%emt 0:00:00]} 2. Nf3 {[%emt 0:00:00]} d6 {[%emt 0:00:30]} 3. d4 {[%emt 0:00:30]} cxd4 {[%emt 0:00:30]} 4. Nxd4 {[%emt 0:00:30]} Nf6 {[%emt 0:00:30]} 5. Nc3 {[%emt 0:00:30]} e6 {[%emt 0:00:30]} 6. g4 {[%emt 0:00:30] [%clk 1:31]} Be7 {[%emt 0:08:30]} 7. Bg2 {[%emt 0:00:30]} O-O {[%emt 0:01:30]} 8. g5 {[%emt 0:00:30]} Nfd7 {[%emt 0:00:30]} 9. h4 {[%emt 0:00:30]} Nc6 {[%emt 0:03:30]} 10. Be3 {[%emt 0:00:30]} Nb6 {[%emt 0:09:30]} 11. Qe2 {[%emt 0:01:30]} a6 {[%emt 0:11:30]} 12. O-O-O {[%emt 0:01:30]} Qc7 {[%emt 0:01:30]} 13. f4 {[%emt 0:02:30]} Nxd4 {[%emt 0:08:30]} 14. Bxd4 {[%emt 0:00:30]} Nc4 {[%emt 0:02:30]} 15. f5 {[%emt 0:00:30]} Ne5 {[%emt 0:02:30]} 16. Bh3 {[%emt 0:04:30]} b5 {[%emt 0:05:30]} 17. f6 {[%emt 0:00:30]} gxf6 {[%emt 0:01:30]} 18. Rdg1 {[%emt 0:00:00]} Kh8 {[%emt 0:03:30]} 19. Qh5 {[%emt 0:05:00]} Bb7 {[%emt 0:10:30]} 20. Qh6 {[%emt 0:04:30]} Qd8 {[%emt 0:10:41]} 21. Bb6 {[%emt 0:01:30]} Qxb6 {[%emt 0:12:16]} 22. gxf6 {[%emt 0:00:30]} Rg8 {[%emt 0:00:31]} 23. Rg7 {[%emt 0:00:00]} 1-0

[Event "1st Turkish League 2017"]
[Site "Konya"]
[Date "2017.07.22"]
[Round "8"]
[White "Kilic, Efe Mert"]
[Black "Sahin, Doga Boran"]
[Result "1/2-1/2"]
[WhiteElo "2287"]
[BlackElo "2018"]
[Annotator "NA"]
[PlyCount "139"]
[EventType "team-tourn"]
[EventCountry "TUR"]
[SourceTitle "playchess.com"]
[Source "ChessBase"]
[SourceQuality "1"]
[TimeControl "5400+30"]

1. e4 {[%emt 0:00:00]} e6 {[%emt 0:00:00]} 2. d4 {[%emt 0:00:00]} d5 {[%emt 0:00:30]} 3. e5 {[%emt 0:00:30]} c5 {[%emt 0:00:30]} 4. c3 {[%emt 0:00:30]} Nc6 {[%emt 0:00:30]} 5. Nf3 {[%emt 0:00:30]} Qb6 {[%emt 0:00:30]} 6. a3 {[%emt 0:01:30]} Nh6 {[%emt 0:01:30] [%clk 1:29]} 7. Bd3 {[%emt 0:00:30]} cxd4 {[%emt 0:04:30]} 8. cxd4 {[%emt 0:03:30]} Nf5 {[%emt 0:02:30]} 9. Bxf5 {[%emt 0:00:30]} exf5 {[%emt 0:00:30]} 10. Nc3 {[%emt 0:00:30]} Be6 {[%emt 0:00:30]} 11. O-O {[%emt 0:00:30]} Be7 {[%emt 0:00:30]} 12. b4 {[%emt 0:00:30]} O-O {[%emt 0:00:30]} 13. Na4 {[%emt 0:00:30]} Qb5 {[%emt 0:15:30]} 14. Nc5 {[%emt 0:17:30]} a5 {[%emt 0:10:30]} 15. a4 {[%emt 0:00:30]} Qxb4 {[%emt 0:05:30]} 16. Ba3 {[%emt 0:19:30]} Qb6 {[%emt 0:06:30]} 17. Nxe6 {[%emt 0:03:30]} fxe6 {[%emt 0:00:30]} 18. Bxe7 {[%emt 0:00:30]} Nxe7 {[%emt 0:00:30]} 19. Rb1 {[%emt 0:00:00]} Qc7 {[%emt 0:07:30]} 20. Qb3 {[%emt 0:07:00]} Rab8 {[%emt 0:05:30]} 21. Qb6 {[%emt 0:05:30]} Qxb6 {[%emt 0:10:30]} 22. Rxb6 {[%emt 0:00:30]} Nc6 {[%emt 0:00:00]} 23. Rfb1 {[%emt 0:00:00]} Rfc8 {[%emt 0:01:00]} 24. g3 {[%emt 0:01:00]} Rc7 {[%emt 0:06:30]} 25. Ng5 {[%emt 0:00:00]} Nxd4 {[%emt 0:04:52]} 26. Nxe6 {[%emt 0:00:00]} Rc4 {[%emt 0:05:55]} 27. Nxd4 {[%emt 0:01:30]} Rxd4 {[%emt 0:00:30]} 28. Rxb7 {[%emt 0:00:30]} Rxb7 {[%emt 0:02:42]} 29. Rxb7 {[%emt 0:00:00]} Re4 {[%emt 0:00:08]} 30. Ra7 {[%emt 0:01:00]} Rxe5 {[%emt 0:02:50]} 31. Rxa5 {[%emt 0:00:30]} g6 {[%emt 0:02:18]} 32. f3 {[%emt 0:09:30]} Re1+ {[%emt 0:03:35]} 33. Kf2 {[%emt 0:01:30]} Ra1 {[%emt 0:01:19]} 34. Ke3 {[%emt 0:00:30]} Ra2 {[%emt 0:00:10]} 35. Kd4 {[%emt 0:01:30]} Rd2+ {[%emt 0:00:23]} 36. Ke5 {[%emt 0:00:00]} h5 {[%emt 0:00:41]} 37. Rxd5 {[%emt 0:01:00]} Rxh2 {[%emt 0:00:35]} 38. Kf6 {[%emt 0:00:00]} Rg2 {[%emt 0:00:15]} 39. a5 {[%emt 0:00:00]} Kh7 {[%emt 0:00:30]} 40. a6 {[%emt 0:05:30]} Ra2 {[%emt 0:00:09]} 41. Rd6 {[%emt 0:00:00]} f4 {[%emt 0:01:03]} 42. gxf4 {[%emt 0:02:00]} h4 {[%emt 0:00:03]} 43. f5 {[%emt 0:06:44]} gxf5 {[%emt 0:00:34]} 44. Kg5 {[%emt 0:00:39]} h3 {[%emt 0:00:10]} 45. Rh6+ {[%emt 0:00:25]} Kg7 {[%emt 0:00:30]} 46. Rxh3 {[%emt 0:00:30]} Rxa6 {[%emt 0:00:30]} 47. Kxf5 {[%emt 0:00:00]} Ra5+ {[%emt 0:00:00]} 48. Kg4 {[%emt 0:00:00]} Kg6 {[%emt 0:00:19]} 49. Rh8 {[%emt 0:01:48]} Ra1 {[%emt 0:00:33]} 50. Rg8+ {[%emt 0:00:18]} Kf6 {[%emt 0:00:51]} 51. Rf8+ {[%emt 0:00:30]} Kg6 {[%emt 0:00:30]} 52. Rb8 {[%emt 0:00:00]} Rg1+ {[%emt 0:00:58]} 53. Kf4 {[%emt 0:00:00]} Ra1 {[%emt 0:00:24]} 54. Rb6+ {[%emt 0:00:06]} Kf7 {[%emt 0:00:30]} 55. Kg4 {[%emt 0:00:30]} Rg1+ {[%emt 0:00:30]} 56. Kf5 {[%emt 0:00:00]} Ra1 {[%emt 0:00:24]} 57. Rb7+ {[%emt 0:00:06]} Kf8 {[%emt 0:00:16]} 58. f4 {[%emt 0:00:22]} Ra5+ {[%emt 0:00:03]} 59. Kg6 {[%emt 0:00:46]} Ra6+ {[%emt 0:00:30]} 60. Kg5 {[%emt 0:00:00]} Kg8 {[%emt 0:01:05]} 61. f5 {[%emt 0:00:00]} Kf8 {[%emt 0:00:00]} 62. Rh7 {[%emt 0:00:41]} Kg8 {[%emt 0:00:15]} 63. Rd7 {[%emt 0:01:28]} Kf8 {[%emt 0:00:46]} 64. Rh7 {[%emt 0:00:30]} Kg8 {[%emt 0:00:30]} 65. Re7 {[%emt 0:00:00]} Kf8 {[%emt 0:00:00]} 66. Re4 {[%emt 0:00:00]} Kf7 {[%emt 0:00:24]} 67. Rb4 {[%emt 0:00:00]} Kg7 {[%emt 0:00:28]} 68. Rb5 {[%emt 0:00:01]} Kf7 {[%emt 0:00:46]} 69. Rb7+ {[%emt 0:01:30]} Kf8 {[%emt 0:00:15]} 70. Rh7 {[%emt 0:00:35]} 1/2-1/2

[Event "1st Turkish League 2017"]
[Site "Konya"]
[Date "2017.07.22"]
[Round "8"]
[White "Eminov, Orkhan"]
[Black "Gulbas, Cemil"]
[Result "1-0"]
[WhiteElo "2274"]
[BlackElo "2366"]
[Annotator "NA"]
[PlyCount "43"]
[EventType "team-tourn"]
[EventCountry "TUR"]
[SourceTitle "playchess.com"]
[Source "ChessBase"]
[SourceQuality "1"]
[TimeControl "5400+30"]

1. e4 {[%emt 0:00:00]} e6 {[%emt 0:01:00]} 2. d4 {[%emt 0:00:00]} d5 {[%emt 0:00:30]} 3. Nc3 {[%emt 0:00:30]} Nf6 {[%emt 0:00:30]} 4. Bg5 {[%emt 0:00:30]} dxe4 {[%emt 0:00:30]} 5. Nxe4 {[%emt 0:00:30]} Be7 {[%emt 0:00:30] [%clk 1:29]} 6. Bxf6 {[%emt 0:01:30]} gxf6 {[%emt 0:01:30]} 7. Nf3 {[%emt 0:07:30]} b6 {[%emt 0:00:30]} 8. Bc4 {[%emt 0:06:30]} Bb7 {[%emt 0:03:30]} 9. Qe2 {[%emt 0:03:30]} c6 {[%emt 0:02:30]} 10. O-O-O {[%emt 0:02:30]} Qc7 {[%emt 0:00:30]} 11. Rhe1 {[%emt 0:08:30]} Nd7 {[%emt 0:01:30]} 12. Kb1 $11 {[%emt 0:07:30] LiveBook: 93 Games} (12. Nc3 $5 {[%cal Rc4e6]} Bb4 13. Qe3 $11) 12... O-O-O {[%emt 0:06:30]} 13. Ba6 {[%emt 0:00:30]} f5 {[%emt 0:16:30]} 14. Neg5 {[%emt 0:07:30]} Rdf8 {[%emt 0:04:30]} 15. Bxb7+ {[%emt 0:05:30]} Kxb7 {[%emt 0:01:30]} 16. d5 {[%emt 0:20:30]} cxd5 {[%emt 0:06:30]} 17. Nxf7 {[%emt 0:03:30]} Rxf7 {[%emt 0:04:30]} 18. Qxe6 {[%emt 0:00:30]} Rhf8 {[%emt 0:02:30]} 19. Qxd5+ {[%emt 0:02:38]} Kc8 {[%emt 0:00:30]} 20. Nd4 {[%emt 0:03:20]} Bc5 {[%emt 0:14:30]} 21. Nb5 {[%emt 0:08:27]} Qb7 {[%emt 0:01:30]} 22. Qxf7 {[%emt 0:00:07]} 1-0

[Event "1st Turkish League 2017"]
[Site "Konya"]
[Date "2017.07.22"]
[Round "8"]
[White "Keler, Faruk"]
[Black "Uzunoglu, Efe Kerem"]
[Result "1-0"]
[WhiteElo "2262"]
[BlackElo "2058"]
[Annotator "NA"]
[PlyCount "65"]
[EventType "team-tourn"]
[EventCountry "TUR"]
[SourceTitle "playchess.com"]
[Source "ChessBase"]
[SourceQuality "1"]
[TimeControl "5400+30"]

1. d4 {[%emt 0:00:00]} Nf6 {[%emt 0:00:00]} 2. Nf3 {[%emt 0:00:00]} g6 {[%emt 0:00:00]} 3. g3 {[%emt 0:00:00]} Bg7 {[%emt 0:00:00]} 4. Bg2 {[%emt 0:00:00]} O-O {[%emt 0:00:30]} 5. O-O {[%emt 0:00:00]} d5 {[%emt 0:00:30]} 6. c4 {[%emt 0:00:00]} dxc4 {[%emt 0:00:30]} 7. Na3 {[%emt 0:00:30]} c3 {[%emt 0:00:30]} 8. bxc3 {[%emt 0:00:30]} c5 {[%emt 0:00:30]} 9. Ne5 {[%emt 0:00:30] [%clk 1:33]} Nd5 {[%emt 0:03:30]} 10. Bd2 {[%emt 0:00:30]} Nc6 {[%emt 0:10:30]} 11. Nxc6 {[%emt 0:01:30]} bxc6 {[%emt 0:00:30]} 12. Nc4 {[%emt 0:00:00]} Be6 $11 {[%emt 0:11:30] LiveBook: 3 Games} (12... Ba6 $5 {[%cal Ra6c4]} 13. Ne5 Qd6 $11) 13. Ne5 {[%emt 0:03:00]} Qc7 {[%emt 0:03:30]} 14. e4 {[%emt 0:32:30]} Nb6 {[%emt 0:02:30]} 15. Bf4 {[%emt 0:00:30]} g5 {[%emt 0:13:30]} 16. Be3 {[%emt 0:10:30]} Rad8 {[%emt 0:25:30]} 17. Qc1 {[%emt 0:02:30]} f6 {[%emt 0:00:30]} 18. Nd3 {[%emt 0:01:30]} cxd4 {[%emt 0:00:30]} 19. cxd4 {[%emt 0:00:30]} Nc4 {[%emt 0:02:30]} 20. Nc5 {[%emt 0:01:30]} Bf7 {[%emt 0:00:00]} 21. Bh3 {[%emt 0:00:00]} Nxe3 {[%emt 0:04:00]} 22. fxe3 {[%emt 0:03:00]} Rd6 {[%emt 0:03:03]} 23. Rb1 {[%emt 0:06:30]} Rb8 {[%emt 0:01:40]} 24. Rxb8+ {[%emt 0:01:30]} Qxb8 {[%emt 0:00:01]} 25. Qc2 {[%emt 0:00:30]} g4 {[%emt 0:02:21]} 26. Bxg4 {[%emt 0:01:30]} Bh6 {[%emt 0:00:06]} 27. Kf2 {[%emt 0:03:30]} Qb4 {[%emt 0:02:26]} 28. Rb1 {[%emt 0:01:30]} Qc4 {[%emt 0:00:27]} 29. Qxc4 {[%emt 0:00:30]} Bxc4 {[%emt 0:00:01]} 30. Rb8+ {[%emt 0:01:30]} Kg7 {[%emt 0:02:09]} 31. Rb7 {[%emt 0:00:30]} Kf8 {[%emt 0:01:58]} 32. Rxa7 {[%emt 0:00:30]} e5 {[%emt 0:00:17]} 33. Nb7 {[%emt 0:03:30]} 1-0

[Event "1st Turkish League 2017"]
[Site "Konya"]
[Date "2017.07.22"]
[Round "8"]
[White "Isik, Alparslan"]
[Black "Guncan, Berke"]
[Result "1/2-1/2"]
[WhiteElo "2211"]
[BlackElo "2043"]
[Annotator "NA"]
[PlyCount "63"]
[EventType "team-tourn"]
[EventCountry "TUR"]
[SourceTitle "playchess.com"]
[Source "ChessBase"]
[SourceQuality "1"]
[TimeControl "5400+30"]

1. d4 {[%emt 0:00:00]} Nf6 {[%emt 0:00:00]} 2. c4 {[%emt 0:00:00]} e6 {[%emt 0:00:30]} 3. Nf3 {[%emt 0:00:00]} b6 {[%emt 0:00:30]} 4. g3 {[%emt 0:00:00]} Bb7 {[%emt 0:00:30]} 5. Bg2 {[%emt 0:00:00]} Be7 {[%emt 0:00:30]} 6. O-O {[%emt 0:00:00]} O-O {[%emt 0:00:30]} 7. d5 {[%emt 0:00:30] [%clk 1:33]} Ne4 {[%emt 0:06:30]} 8. Nd4 {[%emt 0:05:30]} exd5 {[%emt 0:02:30]} 9. cxd5 {[%emt 0:00:30]} Bxd5 {[%emt 0:01:30]} 10. Nf5 {[%emt 0:01:30]} Bc6 {[%emt 0:04:30]} 11. Nxg7 {[%emt 0:08:30]} Nxf2 {[%emt 0:05:30]} 12. Rxf2 {[%emt 0:00:30]} Kxg7 {[%emt 0:00:00]} 13. Qd4+ {[%emt 0:02:30]} f6 {[%emt 0:03:00]} 14. Qh4 {[%emt 0:01:30]} Bc5 {[%emt 0:03:30] [#]} 15. Bh6+ $1 {[%emt 0:02:30]} Kh8 $16 {[%emt 0:00:30]} 16. e3 {[%emt 0:02:30]} Rf7 {[%emt 0:04:30]} 17. Nc3 {[%emt 0:01:30]} Bxg2 {[%emt 0:06:30]} 18. Kxg2 {[%emt 0:00:30]} Bf8 {[%emt 0:02:30]} 19. Raf1 {[%emt 0:08:30]} Bxh6 {[%emt 0:02:30]} 20. Qxh6 {[%emt 0:00:30]} Qf8 {[%emt 0:04:30]} 21. Qh4 {[%emt 0:03:30]} Nc6 {[%emt 0:07:30]} 22. Nd5 {[%emt 0:09:30]} Qd6 {[%emt 0:00:30]} 23. Nxf6 {[%emt 0:09:30]} Raf8 {[%emt 0:00:30]} 24. Kg1 {[%emt 0:06:30]} Qe7 {[%emt 0:08:30]} 25. Qh6 {[%emt 0:08:30]} Qe6 {[%emt 0:01:30]} 26. Qg5 {[%emt 0:03:30]} Ne5 {[%emt 0:03:30]} 27. b3 {[%emt 0:03:30]} Nd3 {[%emt 0:03:30]} 28. Rf3 {[%emt 0:00:30]} Ne1 {[%emt 0:05:30]} 29. Rf5 {[%emt 0:03:05]} Nc2 {[%emt 0:01:30]} 30. R5f3 {[%emt 0:03:05]} Ne1 {[%emt 0:00:30]} 31. Rf5 {[%emt 0:00:00]} Nc2 {[%emt 0:00:30]} 32. R5f3 {[%emt 0:01:27]} 1/2-1/2

[Event "1st Turkish League 2017"]
[Site "Konya"]
[Date "2017.07.22"]
[Round "8"]
[White "Ozkan, Ervin"]
[Black "Lupulescu, Constantin"]
[Result "0-1"]
[WhiteElo "2206"]
[BlackElo "2634"]
[Annotator "TA"]
[PlyCount "64"]
[EventType "team-tourn"]
[EventCountry "TUR"]
[SourceTitle "playchess.com"]
[Source "ChessBase"]
[SourceQuality "1"]

{[%evp 18,64,-18,-11,-8,-47,-50,-124,-115,-109,-112,-97,-97,-199,-201,-210,-199,-205,-220,-194,-208,-270,-270,-270,-273,-270,-265,-379,-376,-369,-377,-372,-373,-375,-374,-364,-301,-279,-275,-576,-571,-29988,-29987,-29987,-29988,-29996,-29997,-29997,-396]} 1. d4 d5 2. c4 e6 3. Nc3 a6 4. Nf3 Nf6 5. Bg5 dxc4 6. e3 {D24: Queen's Gambit Accepted: 3 Nf3 Nf6 4 Nc3} b5 7. a4 c6 8. axb5 cxb5 9. Nxb5 axb5 10. Rxa8 {LiveBook: 4 Games} Bb4+ 11. Nd2 Bb7 12. Ra7 (12. Ra1 $1 $15) 12... Qb6 $17 13. Rxb7 Qxb7 14. Bxf6 gxf6 15. f3 $146 {[#]} (15. Ke2 $17) ({Predecessor:} 15. Qf3 Qa7 16. Qxf6 Rg8 17. d5 Nd7 18. Qd4 Qa1+ 19. Ke2 e5 20. Qe4 Qxb2 {0-1 (20) Kottisch,G (1903)-Buhmann,R (2601) Vienna 2014}) 15... e5 $1 $19 16. Kf2 {[#]} exd4 $1 17. exd4 O-O {And now ...Qb6 would win.} 18. Ne4 Qb6 {aiming for ...Rd8.} 19. Be2 Rd8 20. Qc1 Qxd4+ 21. Kg3 Bd2 22. Qc2 (22. Nxd2 $142 Qxd2 23. Re1 Qxc1 24. Rxc1) 22... Qe5+ 23. Kf2 Ba5 {White must now prevent ...f5.} 24. g3 f5 25. Nc3 Nc6 26. Rd1 Nd4 27. Qd2 Ne6 28. Qc1 $2 (28. Qe1 {nothing else works.}) 28... Rxd1 29. Bxd1 Bb6+ {Black mates.} 30. Kg2 Qe1 31. f4 Qf2+ 32. Kh3 Qf1+ {Precision: White = 28%, Black = 93%.} 0-1

[Event "1st Turkish League 2017"]
[Site "Konya"]
[Date "2017.07.22"]
[Round "8"]
[White "Sari, Yasin"]
[Black "Gunduz, Umut Erdem"]
[Result "1-0"]
[WhiteElo "2195"]
[BlackElo "2066"]
[Annotator "NA"]
[PlyCount "83"]
[EventType "team-tourn"]
[EventCountry "TUR"]
[SourceTitle "playchess.com"]
[Source "ChessBase"]
[SourceQuality "1"]
[TimeControl "5400+30"]

1. d4 {[%emt 0:00:00]} Nf6 {[%emt 0:00:00]} 2. c4 {[%emt 0:00:00]} c5 {[%emt 0:00:00]} 3. d5 {[%emt 0:00:00]} e6 {[%emt 0:00:00]} 4. Nc3 {[%emt 0:00:00]} exd5 {[%emt 0:00:00]} 5. cxd5 {[%emt 0:00:30]} d6 {[%emt 0:00:00]} 6. Nf3 {[%emt 0:00:30]} g6 {[%emt 0:00:30]} 7. Bf4 {[%emt 0:00:30]} a6 {[%emt 0:00:30]} 8. a4 {[%emt 0:00:30]} Nh5 {[%emt 0:00:30] [%clk 1:32]} 9. Bg5 {[%emt 0:03:30]} f6 {[%emt 0:03:30]} 10. Bh4 {[%emt 0:12:30]} g5 {[%emt 0:07:30]} 11. Bg3 {[%emt 0:01:30]} f5 {[%emt 0:00:30]} 12. e3 {[%emt 0:01:30]} Be7 {[%emt 0:07:30]} 13. Nd2 {[%emt 0:02:30]} Ng7 {[%emt 0:01:30]} 14. Bd3 {[%emt 0:11:30]} O-O {[%emt 0:02:30]} 15. f4 {[%emt 0:05:30]} g4 {[%emt 0:05:30]} 16. Bf2 {[%emt 0:01:30]} Nd7 {[%emt 0:08:30]} 17. h3 {[%emt 0:07:30]} Nf6 {[%emt 0:02:30]} 18. hxg4 {[%emt 0:03:30]} Nxg4 {[%emt 0:00:30]} 19. Nc4 {[%emt 0:07:30]} Bf6 {[%emt 0:08:30]} 20. Qf3 {[%emt 0:04:30]} Qe7 {[%emt 0:08:30]} 21. Nb6 {[%emt 0:10:30]} Rb8 {[%emt 0:00:30]} 22. Kd2 {[%emt 0:01:30]} Bd7 {[%emt 0:09:30]} 23. Rae1 {[%emt 0:00:30]} Qd8 {[%emt 0:07:30]} 24. a5 {[%emt 0:01:30]} Nxf2 {[%emt 0:00:30]} 25. Qxf2 {[%emt 0:00:30]} Bb5 {[%emt 0:00:30]} 26. Bc2 {[%emt 0:02:30]} Be8 {[%emt 0:05:30]} 27. g4 {[%emt 0:02:08]} Bg6 {[%emt 0:03:03]} 28. Reg1 {[%emt 0:04:32]} Qe7 {[%emt 0:04:52]} 29. Qh2 {[%emt 0:03:25]} Rbe8 {[%emt 0:01:07]} 30. Nc4 {[%emt 0:00:09]} Qf7 {[%emt 0:04:09]} 31. gxf5 {[%emt 0:06:45]} Bxc3+ {[%emt 0:01:45]} 32. Kxc3 {[%emt 0:00:41]} Qf6+ {[%emt 0:04:41]} 33. Kd2 {[%emt 0:01:50]} Bxf5 {[%emt 0:00:38]} 34. Bxf5 {[%emt 0:01:22]} Qxf5 {[%emt 0:00:07]} 35. Nxd6 {[%emt 0:01:21]} Qxd5+ {[%emt 0:01:53]} 36. Kc1 {[%emt 0:00:12]} Qd3 {[%emt 0:01:15]} 37. e4 {[%emt 0:01:35]} h5 {[%emt 0:01:16]} 38. Qxh5 {[%emt 0:00:52]} Qe3+ {[%emt 0:01:24]} 39. Kb1 {[%emt 0:00:23]} Qd3+ {[%emt 0:00:41]} 40. Ka2 {[%emt 0:00:34]} Qxd6 {[%emt 0:00:48]} 41. Qh7+ {[%emt 0:00:30]} Kf7 {[%emt 0:00:00]} 42. Qxg7+ {[%emt 0:00:00]} 1-0

[Event "1st Turkish League 2017"]
[Site "Konya"]
[Date "2017.07.22"]
[Round "8"]
[White "Olcum, Ahmet"]
[Black "Caglar, Ahmet Ata"]
[Result "1-0"]
[WhiteElo "2183"]
[BlackElo "2082"]
[Annotator "NA"]
[PlyCount "35"]
[EventType "team-tourn"]
[EventCountry "TUR"]
[SourceTitle "playchess.com"]
[Source "ChessBase"]
[SourceQuality "1"]
[TimeControl "5400+30"]

1. e4 {[%emt 0:00:30]} c5 {[%emt 0:02:00]} 2. d3 {[%emt 0:00:30]} Nc6 {[%emt 0:00:30]} 3. Nc3 {[%emt 0:00:30] [%clk 1:28]} Nf6 {[%emt 0:02:30]} 4. g3 {[%emt 0:02:30]} d5 {[%emt 0:01:30]} 5. exd5 {[%emt 0:01:30]} Nxd5 {[%emt 0:00:30]} 6. Bg2 {[%emt 0:00:00]} e6 {[%emt 0:08:30]} 7. Nge2 {[%emt 0:05:00]} Be7 {[%emt 0:00:30]} 8. O-O {[%emt 0:01:30]} O-O {[%emt 0:00:30]} 9. f4 {[%emt 0:04:30]} Bf6 {[%emt 0:02:30]} 10. Kh1 {[%emt 0:04:30]} b6 {[%emt 0:04:30]} 11. f5 {[%emt 0:09:30]} Qd7 {[%emt 0:20:30]} 12. Nxd5 {[%emt 0:15:30]} exd5 {[%emt 0:00:30]} 13. Nf4 {[%emt 0:00:00]} d4 {[%emt 0:06:30]} 14. Nd5 {[%emt 0:02:00]} Be5 {[%emt 0:11:30]} 15. f6 {[%emt 0:05:30]} gxf6 {[%emt 0:11:30]} 16. Bh6 {[%emt 0:06:30]} Re8 {[%emt 0:04:30]} 17. Qh5 {[%emt 0:14:30]} Bb7 {[%emt 0:00:30]} 18. Rxf6 {[%emt 0:00:30]} 1-0

[Event "1st Turkish League 2017"]
[Site "Konya"]
[Date "2017.07.22"]
[Round "8"]
[White "Dogan, Ali Ekber"]
[Black "Zeydan, Salih"]
[Result "1/2-1/2"]
[WhiteElo "2136"]
[BlackElo "2001"]
[Annotator "NA"]
[PlyCount "143"]
[EventType "team-tourn"]
[EventCountry "TUR"]
[SourceTitle "playchess.com"]
[Source "ChessBase"]
[SourceQuality "1"]
[TimeControl "5400+30"]

1. d4 {[%emt 0:00:00]} Nf6 {[%emt 0:00:00]} 2. c4 {[%emt 0:00:00]} e6 {[%emt 0:00:30]} 3. g3 {[%emt 0:00:00]} d5 {[%emt 0:00:30]} 4. Nf3 {[%emt 0:00:00]} dxc4 {[%emt 0:00:30]} 5. Bg2 {[%emt 0:00:30]} Bb4+ {[%emt 0:00:30]} 6. Bd2 {[%emt 0:00:30]} a5 {[%emt 0:00:30]} 7. Qc2 {[%emt 0:00:30]} Bxd2+ {[%emt 0:01:30] [%clk 1:29]} 8. Qxd2 {[%emt 0:01:30]} c6 {[%emt 0:01:30]} 9. a4 {[%emt 0:01:30]} Ne4 {[%emt 0:01:30]} 10. Qc2 {[%emt 0:00:30]} Nd6 {[%emt 0:00:00]} 11. Na3 {[%emt 0:06:30]} Na6 {[%emt 0:01:00]} 12. Nxc4 {[%emt 0:00:30]} Nb4 {[%emt 0:00:30]} 13. Nxd6+ {[%emt 0:04:30]} Qxd6 {[%emt 0:00:30]} 14. Qd2 {[%emt 0:02:30]} O-O {[%emt 0:00:30]} 15. O-O {[%emt 0:01:30]} b6 {[%emt 0:01:30]} 16. Rfc1 {[%emt 0:07:30]} Rd8 {[%emt 0:04:30]} 17. Qf4 {[%emt 0:13:30]} Ba6 {[%emt 0:05:30]} 18. Qxd6 {[%emt 0:04:30]} Rxd6 {[%emt 0:00:30]} 19. e3 {[%emt 0:00:30]} Nd3 {[%emt 0:11:30]} 20. Rc2 {[%emt 0:00:30]} Rad8 {[%emt 0:02:30]} 21. Bf1 {[%emt 0:07:30]} c5 {[%emt 0:11:30]} 22. Rc3 {[%emt 0:06:30]} cxd4 {[%emt 0:06:30]} 23. Rxd3 {[%emt 0:01:30]} Bxd3 {[%emt 0:00:30]} 24. Bxd3 {[%emt 0:00:30]} dxe3 {[%emt 0:00:30]} 25. Be2 {[%emt 0:00:00]} Rc8 {[%emt 0:08:30]} 26. fxe3 {[%emt 0:01:00]} Rc2 {[%emt 0:00:30]} 27. Kf2 {[%emt 0:00:30]} Rxb2 {[%emt 0:00:30]} 28. Rc1 {[%emt 0:00:30]} g6 {[%emt 0:01:30]} 29. Rc8+ {[%emt 0:03:30]} Kg7 {[%emt 0:00:30]} 30. Rc7 {[%emt 0:00:30]} Kf6 {[%emt 0:01:30]} 31. g4 {[%emt 0:01:30]} h6 {[%emt 0:02:30]} 32. h4 {[%emt 0:00:30]} Kg7 {[%emt 0:02:30]} 33. g5 {[%emt 0:03:30]} h5 {[%emt 0:03:30]} 34. Nd4 {[%emt 0:02:30]} Ra2 {[%emt 0:02:30]} 35. Kf3 {[%emt 0:08:30]} Rxa4 {[%emt 0:04:30]} 36. Bc4 {[%emt 0:03:12]} Kf8 {[%emt 0:01:30]} 37. Ke4 {[%emt 0:00:50]} b5 {[%emt 0:04:30]} 38. Bxb5 {[%emt 0:01:25]} Rb4 {[%emt 0:02:45]} 39. Bc4 {[%emt 0:00:29]} Rdb6 {[%emt 0:00:31]} 40. Ke5 {[%emt 0:04:36]} Rb7 {[%emt 0:00:49]} 41. Rc8+ {[%emt 0:00:58]} Kg7 {[%emt 0:00:05]} 42. Ba6 {[%emt 0:00:10]} Ra7 {[%emt 0:01:52]} 43. Bd3 {[%emt 0:01:22]} Rd7 {[%emt 0:01:54]} 44. Be4 {[%emt 0:02:37]} a4 {[%emt 0:04:04]} 45. Ra8 {[%emt 0:00:31]} Rc7 {[%emt 0:01:12]} 46. Kd6 {[%emt 0:04:16]} Rc3 {[%emt 0:01:04]} 47. Ra7 {[%emt 0:02:32]} Rb6+ {[%emt 0:00:43]} 48. Bc6 {[%emt 0:02:08]} Rxe3 {[%emt 0:00:32]} 49. Nb5 {[%emt 0:01:39]} Rb8 {[%emt 0:05:41]} 50. Kc7 {[%emt 0:00:38]} Rf8 {[%emt 0:00:21]} 51. Rxa4 {[%emt 0:01:03]} Rh3 {[%emt 0:03:18]} 52. Nd6 {[%emt 0:00:27]} f6 {[%emt 0:01:49]} 53. Ne8+ {[%emt 0:01:25]} Rxe8 {[%emt 0:00:30]} 54. Bxe8 {[%emt 0:00:00]} Rg3 {[%emt 0:00:32]} 55. Ra5 {[%emt 0:01:00]} e5 {[%emt 0:00:31]} 56. gxf6+ {[%emt 0:01:00]} Kxf6 {[%emt 0:00:30]} 57. Ra6+ {[%emt 0:00:00]} Kf5 {[%emt 0:00:10]} 58. Bd7+ {[%emt 0:00:02]} Kf4 {[%emt 0:00:29]} 59. Rf6+ {[%emt 0:00:07]} Ke3 {[%emt 0:00:04]} 60. Kd6 {[%emt 0:00:41]} e4 {[%emt 0:00:51]} 61. Ke5 {[%emt 0:00:38]} g5 {[%emt 0:00:42]} 62. Rh6 {[%emt 0:00:22]} gxh4 {[%emt 0:00:10]} 63. Rxh5 {[%emt 0:00:02]} Rg7 {[%emt 0:01:07]} 64. Be6 {[%emt 0:00:18]} Kf3 {[%emt 0:00:35]} 65. Rxh4 {[%emt 0:00:41]} e3 {[%emt 0:00:18]} 66. Bd5+ {[%emt 0:01:16]} Kg3 {[%emt 0:00:36]} 67. Re4 {[%emt 0:01:00]} Re7+ {[%emt 0:00:11]} 68. Be6 {[%emt 0:00:00]} Kf2 {[%emt 0:00:45]} 69. Rf4+ {[%emt 0:00:56]} Kg3 {[%emt 0:00:29]} 70. Re4 {[%emt 0:00:36]} Kf2 {[%emt 0:00:12]} 71. Rf4+ {[%emt 0:00:26]} Kg3 {[%emt 0:00:01]} 72. Re4 {[%emt 0:00:29]} 1/2-1/2